| 000 | 01152 a2200229 4500 | ||
|---|---|---|---|
| 001 | 41188 | ||
| 005 | 20260407155705.0 | ||
| 008 | 260407a1994 arg spa d | ||
| 003 | AR-UNSa-BCEJYS | ||
| 040 |
_aAR-UNSa-BCEJYS _bspa _cAR-UNSa-BCEJYS |
||
| 080 |
_a343.8 _xCondena. Ejecución de la sentencia. Cumplimiento de la pena. Prevención del delito (Instituciones penitenciarias) |
||
| 245 | 1 | 0 | _aProcedimiento de ejecución de sentencias |
| 020 | _a950-9606-91-X | ||
| 264 | 1 |
_aBuenos Aires : _bAD-HOC _c1994 |
|
| 300 |
_a142 p. _c23 cm. |
||
| 505 | _a1. Generalidades - 2. Títulos y resoluciones ejecutables - 3. Competencia - 4. Liquidez y embargo - 5. Liquidaciones, indexaciones, desindexaciones e incidentes - 6. Citación de venta, embargo y excepciones - 7. Sentencia ejecutoria y recursos - 8. Efectivización de la condena según su naturaleza - 9. Liquidaciones especiales - 10. Sentencias extranjeras - | ||
| 041 | _aspa | ||
| 942 | _cBK | ||
| 590 | _aniveau_biblio:m niveau_hierar:0 | ||
| 100 | 1 | _aRosenblat, Héctor Claudio | |
| 856 | 4 | 1 |
_uhttps://biblioeco.unsa.edu.ar/pmb/images/libros/L126424.jpg _yImagen de portada _qimage/jpeg |
| 999 |
_c3408 _d3408 |
||